000 00886cam a22002777a 4500
008
020 _a0077096738 (pbk.)
049 _aMAIN
090 _aQA76.76.D47
_bBEN
100 1 _aBennett, Simon.
245 1 0 _aSchaum's outline of UML /
_cSimon Bennett ;John Skelton and Ken Lunn.
260 _aNew York :
_bMcGraw-Hill,
_cc2001.
300 _aviii, 360 p. :
_bill. ;
_c28 cm.
490 0 _aSchaum's outline series
500 _aIncludes index.
504 _aIncludes bibliographical references.
650 0 _aApplication software
_xDevelopment
_vOutlines, syllabi, etc.
650 0 _aUML (Computer science)
_vOutlines, syllabi, etc.
700 1 _aSkelton, John.
700 1 _aLunn, Ken.
907 _a.b10374711
_b27-07-16
_c27-07-16
003
005 20230123122226.0
040 _cNUST
942 _cBOOKS
_kQA76.76.D47
_mBEN
999 _c129967
_d129967